Library Banner

The Prophet Muhammad(P.B.U.H) a role model for Muslim minorities/ (Record no. 101041)

MARC details
000 -LEADER
fixed length control field 00498nam a22001577a 4500
005 - DATE AND TIME OF LATEST TRANSACTION
control field 20260227104308.0
008 - FIXED-LENGTH DATA ELEMENTS--GENERAL INFORMATION
fixed length control field 171226b xxu||||| |||| 00| 0 eng d
020 ## - INTERNATIONAL STANDARD BOOK NUMBER
International Standard Book Number 0860375358
040 ## - CATALOGING SOURCE
Transcribing agency PK-LaUMT
082 ## - DEWEY DECIMAL CLASSIFICATION NUMBER
Classification number PKAC 297.09176
Item number YAS-P
100 ## - MAIN ENTRY--PERSONAL NAME
Personal name Yasin Mazhar Siddiqi , Muahammad
245 ## - TITLE STATEMENT
Title The Prophet Muhammad(P.B.U.H) a role model for Muslim minorities/
Statement of responsibility, etc Muahammad Yasin Mazhar Siddiqi
260 ## - PUBLICATION, DISTRIBUTION, ETC. (IMPRINT)
Place of publication, distribution, etc Leicester:
Name of publisher, distributor, etc The Islamic foundation,
Date of publication, distribution, etc 2006
300 ## - PHYSICAL DESCRIPTION
Extent 230 p.
942 ## - ADDED ENTRY ELEMENTS (KOHA)
Koha item type Books
Holdings
Withdrawn status Lost status Damaged status Home library Current library Date acquired Full call number Barcode Date last seen Price effective from Koha item type
      UMT Main Campus UMT Main Campus 2017-12-26 PKAC 297.09176 YAS-P 116831 2017-12-26 2017-12-26 Books